LIBRARY & INFORMATION CENTRE, KCAET, TAVANUR

ONLINE PUBLIC ACCESS CATALOGUE (OPAC)

Introduction to operations research / (Record no. 13197)

MARC details
000 -LEADER
fixed length control field 00450cam a2200157ua 4500
041 ## - LANGUAGE CODE
Language code of text/sound track or separate title eng
082 ## - DEWEY DECIMAL CLASSIFICATION NUMBER
Classification number 658.4034
Item number HIL/IN
100 ## - MAIN ENTRY--AUTHOR NAME
Personal name Hillier, Frederick S .
245 ## - TITLE STATEMENT
Title Introduction to operations research /
260 ## - PUBLICATION, DISTRIBUTION, ETC. (IMPRINT)
Place of publication New Delhi :
Name of publisher Tata Mc-Graw Hill Publishing Company ,
Year of publication 2005.
300 ## - PHYSICAL DESCRIPTION
Number of Pages 1061 ; .
700 1# - ADDED ENTRY--PERSONAL NAME
Personal name Lieberman, Gerald J .
942 ## - ADDED ENTRY ELEMENTS (KOHA)
Koha item type Books
Holdings
Withdrawn status Lost status Damaged status Home library Current library Date acquired Full call number Accession Number Koha item type
      KAUAET KAUAET 07/04/2012 658.4034 HIL/OP 21334 Books
free website counter